Statystyki dla Spadkowicze Ekstraklasy w XXI wieku.

Kliknij tutaj aby rozwiązać quiz!

Ogólne statystyki

  • Ten quiz został rozwiązany 128 razy
  • Średni wynik to 36 z 48

Statystyki odpowiedzi

SezonKlub% Poprawnych
2019/2020Arka Gdynia
96%
2010/2011Arka Gdynia
96%
2011/2012Cracovia
93%
2015/2016Górnik Zabrze
92%
2019/2020ŁKS Łódź
92%
2011/2012ŁKS Łódź
92%
2008/2009ŁKS Łódź
92%
2013/2014Widzew Łódź
91%
2003/2004Widzew Łódź
91%
2007/2008Widzew Łódź
91%
2019/2020Korona Kielce
90%
2007/2008Korona Kielce
90%
2002/2003Ruch Chorzów
90%
2016/2017Ruch Chorzów
90%
2012/2013 (degradacja)Polonia Warszawa
89%
2005/2006Polonia Warszawa
89%
2007/2008 (degradacja)Zagłębie Sosnowiec
86%
2018/2019Zagłębie Sosnowiec
86%
2001/2002Śląsk Wrocław
84%
2002/2003Zagłębie Lubin
84%
2007/2008Zagłębie Lubin
84%
2013/2014Zagłębie Lubin
84%
2006/2007Pogoń Szczecin
83%
2002/2003Pogoń Szczecin
83%
2016/2017Górnik Łęczna
82%
2006/2007 (degradacja)Górnik Łęczna
82%
2017/2018Termalica Bruk-Bet Nieciecza/Termalica
80%
2004/2005GKS Katowice
79%
2006/2007Wisła Płock
79%
2000/2001Wisła Płock
79%
2015/2016Podbeskidzie Bielsko-biała
77%
2014/2015Zawisza Bydgoszcz
77%
2018/2019Miedź Legnica
76%
2012/2013GKS Bełchatów
74%
2014/2015GKS Bełchatów
74%
2005/2006 (degradacja)Amica Wronki
72%
2009/2010Piast Gliwice
71%
2017/2018Sandecja Nowy Sącz
71%
2008/2009 (degradacja)Polonia Bytom
67%
2010/2011Polonia Bytom
67%
2001/2002Stomil Olsztyn
63%
2009/2010Odra Wodzisław Śląski
54%
2003/2004Górnik Polkowice
37%
2003/2004Świt Nowy Dwór Mazowiecki
33%
2002/2003Szczakowianka Jaworzno
33%
2002/2003KSZO Ostrowiec Świętokrzyski
29%
2000/2001Ruch Radzionków
27%
2001/2002RKS Radomsko
26%

Rozkład punktacji

Percentyl według liczby udzielonych odpowiedzi

Procent ludzi z każdym wynikiem

Twoja historia wyników

Nie rozwiązałeś tego quizu